[Event "St Petersburg Korchnoi Memorial op"]
[Site "St Petersburg"]
[Date "2023.08.22"]
[Round "7"]
[White "Shaposhnikov, Lev"]
[Black "Gribov, Alexander"]
[Result "0-1"]
[WhiteElo "1442"]
[BlackElo "2018"]
[PlyCount "88"]
[EventDate "2023.08.18"]
[EventType "swiss"]
[EventRounds "9"]
[EventCountry "RUS"]
[SourceTitle "EXT 2024"]
[Source "ChessBase"]
[SourceDate "2023.10.10"]
[SourceVersion "1"]
[SourceVersionDate "2023.10.10"]
[SourceQuality "1"]

1. b3 e5 2. Bb2 Nc6 3. e3 d6 4. Nf3 f5 5. Be2 Be7 6. d3 Nf6 7. c4 0-0 8. 0-0 Bd7 9. Nc3 Qe8 10. Rc1 Qg6 11. Nd5 Bd8 12. Nc3 Ne7 13. d4 e4 14. Ne5 dxe5 15. dxe5 f4 16. exf6 f3 17. Bxf3 exf3 18. Qxf3 Rxf6 19. Qg3 Qf7 20. Ne2 Rg6 21. Qf4 Qxf4 22. Nxf4 Ra6 23. a3 g5 24. Nh5 Ng6 25. f3 Be7 26. b4 Kf7 27. Rfd1 Be6 28. c5 Rd8 29. Rxd8 Bxd8 30. Rd1 Be7 31. Kf2 Ra4 32. Rc1 a5 33. b5 Rc4 34. Rxc4 Bxc4 35. b6 cxb6 36. cxb6 Bc5 37. Bd4 Bxa3 38. Nf6 Nf8 39. Ne4 Ne6 40. Bc3 a4 41. Ke1 Bc5 42. Kd2 Ke7 43. Nxc5 Nxc5 44. Bb4 Kd6 0-1

[Event "St Petersburg Korchnoi Memorial op"]
[Site "St Petersburg"]
[Date "2023.08.19"]
[Round "3"]
[White "Shaposhnikov, Lev"]
[Black "Lekhtonen, Yaroslav"]
[Result "0-1"]
[WhiteElo "1442"]
[BlackElo "1852"]
[PlyCount "76"]
[EventDate "2023.08.18"]
[EventType "swiss"]
[EventRounds "9"]
[EventCountry "RUS"]
[SourceTitle "EXT 2024"]
[Source "ChessBase"]
[SourceDate "2023.10.10"]
[SourceVersion "1"]
[SourceVersionDate "2023.10.10"]
[SourceQuality "1"]

1. d4 Nf6 2. Nf3 e6 3. c4 b6 4. g3 Bb7 5. Bg2 Be7 6. 0-0 0-0 7. Nc3 Ne4 8. Qc2 Nxc3 9. Qxc3 c5 10. dxc5 bxc5 11. Bd2 Nc6 12. Rac1 Bf6 13. Qa3 Qb6 14. Bc3 Nd4 15. Nxd4 Bxg2 16. Nxe6 Bxf1 17. Nxf8 Bh3 18. Bxf6 Qxf6 19. Nxd7 Bxd7 20. Qxc5 Qxb2 21. Rd1 Be6 22. Qc6 Rf8 23. Qc7 Qxe2 24. Rd8 Qe1+ 25. Kg2 Qe4+ 26. Kg1 Qb1+ 27. Kg2 Qb6 28. Rxf8+ Kxf8 29. Qf4 Qc6+ 30. Kg1 Qxc4 31. Qb8+ Qc8 32. Qxa7 Qc1+ 33. Kg2 Bd5+ 34. Kh3 Qh6+ 35. Kg4 f5+ 36. Kxf5 Qf6+ 37. Kg4 Be6+ 38. Kh5 Qh6# 0-1